00580 2200193 4500001002100000005001500021035002000036007000300056008003900059082001500098084002100113100002400134245009700158260004300255300004100298650001100339650002300350022001300373INLIS00000000000133620250523090532 a0010-0525000018ta250523 | | |  a636.3-5496 a636.3-5496 BIS f0 aBishnu Prasad Panth1 aFactors affecting the profitability from goat farming in Gulmi, Nepal /cBishnu Prasad Panth aLondon :bTaylor & Francis Ltd.,c2021 a1-11 hlm, :bIlus ;c21 cm x 29,7 cm 4aJurnal 4aPeternakan Kambing a23311932